Podpora online učenia programovania využitím hier

Salvato in:
Dettagli Bibliografici
Autore principale: Kiš, Peter (Autore)
Altri autori: Tvarožek, Jozef (Relatore della tesi)
Natura: Manoscritto Libro
Lingua:slovacco
Pubblicazione: 2016
Soggetti:
Accesso online:http://is.stuba.sk/zp/portal_zp.pl?podrobnosti=119251
Tags: Aggiungi Tag
Nessun Tag, puoi essere il primo ad aggiungerne!!

MARC

LEADER 00000ntm a22000003a 4500
001 stuzp58988
003 SK-STU
005 20160719155728.4
007 ta
008 150427s2015----xo-----f-mn---000-0-slo-d
040 |a STU  |b slo 
041 0 |a slo 
100 1 |a Kiš, Peter  |u 070200  |k Z4  |4 aut  |U FIIT Fakulta informatiky a informačných technológií  |T FIIT Ústav informatiky, informačných systémov a softvérového inžinierstva  |X 62171  |U I200  |Y 179  |7 A000062171 
242 0 1 |a Game-based support of online learning of programming  |y eng 
245 1 0 |a Podpora online učenia programovania využitím hier 
260 |c 2016 
650 4 |a motivácia  |2 slo 
650 4 |a generovanie úloh  |2 slo 
650 4 |a návrh hier  |2 slo 
650 4 |a podpora učenia  |2 slo 
650 4 |a game design  |2 eng 
650 4 |a motivation  |2 eng 
650 4 |a support of learning  |2 eng 
650 4 |a generated tasks  |2 eng 
700 1 |a Tvarožek, Jozef  |u 070200  |k Z1  |4 ths  |U FIIT Fakulta informatiky a informačných technológií  |T FIIT Ústav informatiky, informačných systémov a softvérového inžinierstva  |X 52473  |U I200  |Y 179  |7 52473 
856 4 |u http://is.stuba.sk/zp/portal_zp.pl?podrobnosti=119251 
996 |b 8201  |c I* DIP 25/2016  |l II680  |s P  |a 0  |w stuzp58988_0001 
SQL |a stuzp58988  |b DDP  |c SLO  |d Podpora online učenia programovania využitím hier  |e 62171  |f Kiš, Peter  |g 070200  |h 52473  |i Tvarožek, Jozef  |j 20160613  |k 205  |l 07  |m http://is.stuba.sk/zp/portal_zp.pl?podrobnosti=119251  |n I-IS2  |o 9.2.6. informačné systémy